| 000 | 03152cam a22006734i 4500 | ||
|---|---|---|---|
| 003 | PE-LiUPU | ||
| 005 | 20250731180154.0 | ||
| 008 | s2013 mx a rb 000 0 spa d | ||
| 020 | _a9786073215084 | ||
| 035 | _a(Sirsi) i9786073215084 | ||
| 035 | _a(Sirsi) 52057 | ||
| 035 | _a(Sirsi) 52057 | ||
| 041 | _aes | ||
| 044 | _amx | ||
| 082 | 0 | 4 |
_a543.1 _bB14 |
| 100 | 1 |
_aBadui Dergal, Salvador, _eautor. |
|
| 245 |
_aQuímica de los alimentos / _cSalvador Badui Dergal. |
||
| 250 | _a5a edición. | ||
| 264 | 1 |
_aMéxico : _bPearson, _c2013 |
|
| 300 |
_a723 páginas : _bilustraciones ; _c24 centímetros |
||
| 504 | _aIncluye bibliografía | ||
| 505 | 0 | _aAgua -- Hidratos de carbono -- Proteínas -- Lípidos -- Encimas -- Vitaminas y nutrientes inorgánicos -- Pigmentos -- Olor y sabor de los alimentos -- Aditivos -- Estado de dispersión -- Tóxicos presentes en los alimentos -- Leche -- Soya -- Alimentos transgénicos -- Nutracéunicos, fitoquímicos y alimentos funcionales. | |
| 526 | _aSEG44 | ||
| 526 | _aSEG26 | ||
| 526 | _aP159 | ||
| 526 | _aP155 | ||
| 526 | _aP154 | ||
| 526 | _aP153 | ||
| 526 | _aP150 | ||
| 526 | _aP100 | ||
| 526 | _aP31 | ||
| 526 | _aP30 | ||
| 526 | _aP26 | ||
| 526 | _aP25 | ||
| 526 | _aP24 | ||
| 526 | _aP22 | ||
| 526 | _aP15 | ||
| 526 | _aP10 | ||
| 650 | 0 | 4 | _aAnálisis de alimentos |
| 650 | 0 | 4 |
_aComposición química de los alimentos _91966 |
| 700 | 1 |
_aBadui Dergal, Salvador, _edirector técnico. |
|
| 700 | 1 |
_aLópez Ballesteros, Gabriela, _eeditor. |
|
| 859 |
_q69461 _h543.1 _iB14 |
||
| 910 |
_agl _b _clch _d20140212 |
||
| 910 |
_ajck _bncf _cncf _d20170726 |
||
| 942 |
_2ddc _cBOOK |
||
| 949 |
_a543.1 B14 _i69461 _lCCODEBUL1 _mBUL _tLIBRO _o.STAFF. Colección General |
||
| 949 |
_a543.1 B14 _wDEWEY _c1 _iFJ00033 _lCCODEBUJ1 _mBUJ _p50.47 _r0 _sY _tBOOK _u2018-05-22 _xINGENIERIA _PP26 _0COMPRA _o.STAFF. Colección General Juliaca |
||
| 949 |
_a543.1 B14 2013 _wDEWEY _c1 _iFJ05904 _lCCODEBUJ1 _mBUJ _p43.70 _r0 _sY _tBOOK _u2018-05-22 _xINGENIERIA _PP26 _0COMPRA _o.STAFF. Colección General Juliaca |
||
| 596 | _a1 3 | ||
| 999 |
_a543.1 B14 _wDEWEY _c56266 _i69461 _d56266 _e2022-6-12 _f2021-11-9 _g7 _lCCODEBUL1 _mBUL _n21 _p43.00 _q5 _r0 _sY _tBOOK _u2015-7-6 _xINGENIERIA _PP26 _0COMPRA _o.STAFF. Colección General |
||
| 999 |
_a543.1 B14 _wDEWEY _c2 _i76603 _d2022-6-27 _e2022-6-9 _f2021-11-9 _g4 _lCCODEBUL1 _mBUL _n8 _p42.14 _q7 _r0 _sY _tBOOK _u2017-7-26 _xINGENIERIA _PP26 _0COMPRA _o.STAFF. Colección Ingeniería y Arquitectura |
||
| 999 |
_a543.1 B14 _wDEWEY _c1 _iFJ00033 _lCCODEBUJ1 _mBUJ _p50.47 _r0 _sY _tBOOK _u2015-7-15 _xINGENIERIA _PP26 _0COMPRA _o.STAFF. Colección General Juliaca |
||
| 999 |
_a543.1 B14 2013 _wDEWEY _c1 _iFJ05904 _d2022-6-13 _e2022-6-9 _f2022-1-19 _g4 _lCCODEBUJ1 _mBUJ _n8 _p43.70 _q5 _r0 _sY _tBOOK _u2017-1-24 _xINGENIERIA _PP26 _0COMPRA _o.STAFF. Colección General Juliaca |
||
| 980 |
_81 _gALBERTO SANCHEZ Responsable de Automatización |
||